Online Catalogue and eLibrary

Buddhism betrayed : (Record no. 2351)

MARC details
000 -LEADER
fixed length control field 00484nam a2200181Ia 4500
005 - DATE AND TIME OF LATEST TRANSACTION
control field 20240726033759.0
008 - FIXED-LENGTH DATA ELEMENTS--GENERAL INFORMATION
fixed length control field 240331s9999 xx 000 0 und d
020 ## - INTERNATIONAL STANDARD BOOK NUMBER
ISBN 0226789500
082 ## - DDC Classification
Item Number - Author Mark TAM
Class No. 294.3
100 ## - MAIN ENTRY--PERSONAL NAME
Personal name Tambiah, S.J
245 #0 - TITLE STATEMENT
Title Buddhism betrayed :
Remainder of title religion, politics, and violence in Sri Lanka
260 ## - PUBLICATION, DISTRIBUTION, ETC.
Place of publication, distribution, etc. Chicago
Name of publisher, distributor, etc. The University of Chicago
Date of publication, distribution, etc. 1992
300 ## - PHYSICAL DESCRIPTION
Extent (e.g. Volumes, Pages etc.) xix, 203 p .,
650 ## - SUBJECT ADDED ENTRY--TOPICAL TERM
Topical term or geographic name entry element Economics
650 ## - SUBJECT ADDED ENTRY--TOPICAL TERM
Topical term or geographic name entry element Religion
650 ## - SUBJECT ADDED ENTRY--TOPICAL TERM
Topical term or geographic name entry element Political
942 ## - Koha item type (Biblio)
Koha item type Books in Stacks (Lending)
Holdings
Lost status Damaged status Collection code Home library Current library Shelving location Date acquired Full call number Accession Number Item type
    Lending WERC Library WERC Library Social Science Cupboard 03/31/2024 294.3 TAM 1106 Books in Stacks (Lending)

© WERC Library